Mission Impossible : III (Record no. 16814)
[ view plain ]
| 000 -LEADER | |
|---|---|
| fixed length control field | 01633ngm a2200385 4500 |
| 003 - CONTROL NUMBER IDENTIFIER | |
| control field | dpl |
| 005 - DATE AND TIME OF LATEST TRANSACTION | |
| control field | 2009031308488.0 |
| 007 - PHYSICAL DESCRIPTION FIXED FIELD--GENERAL INFORMATION | |
| fixed length control field | DVD |
| 008 - FIXED-LENGTH DATA ELEMENTS--GENERAL INFORMATION | |
| fixed length control field | ||||||sp199 xxu|||||c|||| 00| 0 eng d |
| 010 ## - LIBRARY OF CONGRESS CONTROL NUMBER | |
| LC control number | DVD-000985-986 |
| 024 ## - OTHER STANDARD IDENTIFIER | |
| Terms of availability | 699.00 |
| Standard number or code | DPA001 |
| 035 ## - SYSTEM CONTROL NUMBER | |
| System control number | DVD-000985-986 |
| 040 ## - CATALOGING SOURCE | |
| Original cataloging agency | DPL |
| Transcribing agency | DPL |
| 082 ## - DEWEY DECIMAL CLASSIFICATION NUMBER | |
| Classification number | DVD / MISS |
| 245 ## - TITLE STATEMENT | |
| Title | Mission Impossible : III |
| Statement of responsibility, etc | Paramount Picture Presents |
| Medium | [videorecording] DVD/ |
| 250 ## - EDITION STATEMENT | |
| Edition statement | 2 Disc Collectors Edition |
| 260 ## - PUBLICATION, DISTRIBUTION, ETC. (IMPRINT) | |
| Name of publisher, distributor, etc | Sa Re Ga Ma Home Video |
| 300 ## - PHYSICAL DESCRIPTION | |
| Extent | 2 videodisc DVD; |
| Other physical details | sd., col. ; |
| Dimensions | 4 3/4 in. |
| Type of unit | DVD |
| 440 ## - SERIES STATEMENT/ADDED ENTRY--TITLE | |
| Title | Sa Re Ga Ma Home Video |
| 500 ## - GENERAL NOTE | |
| General note | This DVD is Copy Protected |
| 500 ## - GENERAL NOTE | |
| General note | "The Best Mission Impossible Yet" |
| 500 ## - GENERAL NOTE | |
| General note | Smartly Paced Suspense |
| 538 ## - SYSTEM DETAILS NOTE | |
| Display text | Language: Dolby Digital 5.1-English, Crech, Hungarian Subtitles: English, German, Slovenian, Icelandic, Greek |
| 538 ## - SYSTEM DETAILS NOTE | |
| System details note | Aspect Ratio: 2.35:1, Presentation type: Wide Screen Presentation Size 16x9 |
| 650 ## - SUBJECT ADDED ENTRY--TOPICAL TERM | |
| Topical term or geographic name as entry element | Motion Picture |
| 700 ## - ADDED ENTRY--PERSONAL NAME | |
| Personal name | Lyons, Jeffrey |
| 700 ## - ADDED ENTRY--PERSONAL NAME | |
| Personal name | Cruise, Tom |
| 700 ## - ADDED ENTRY--PERSONAL NAME | |
| Personal name | Rhames, Ving |
| 700 ## - ADDED ENTRY--PERSONAL NAME | |
| Personal name | Crudup, Billy |
| 700 ## - ADDED ENTRY--PERSONAL NAME | |
| Personal name | Bramson, Danny |
| 942 ## - ADDED ENTRY ELEMENTS (KOHA) | |
| Koha item type | CD-ROMs, DVDs, VHS |
| Source of classification or shelving scheme | Dewey Decimal Classification |
| Classification part | DVD |
| Call number suffix | MISS |
| Withdrawn status | Lost status | Source of classification or shelving scheme | Damaged status | Not for loan | Home library | Current library | Date acquired | Source of acquisition | Cost, normal purchase price | Total Checkouts | Total Renewals | Full call number | Barcode | Date last seen | Date checked out | Copy number | Cost, replacement price | Price effective from | Koha item type |
|---|---|---|---|---|---|---|---|---|---|---|---|---|---|---|---|---|---|---|---|
| Dewey Decimal Classification | Central Library | Central Library | 16/10/2008 | Purchase | 699.00 | 41 | 1 | DVD MISS | DVD-000985 | 05/03/2014 | 03/03/2014 | 1 | 699.00 | 16/10/2008 | CD-ROMs, DVDs, VHS | ||||
| Dewey Decimal Classification | Sarojini Nagar | Sarojini Nagar | 16/10/2008 | Purchase | 699.00 | 44 | DVD MISS | DVD-000986 | 13/03/2015 | 28/02/2015 | 1 | 699.00 | 16/10/2008 | CD-ROMs, DVDs, VHS |
